000 00932cam a2200301 a 4500
001 3962446
003 OSt
005 20140310182252.0
008 941108s1995 nyu 000 1 eng
010 _a 94043820
020 _a9780441003389
040 _aDLC
_cDLC
_dDLC
_dOCoLC
050 0 0 _aPS 3563.A255
_b.M478 1996
082 0 0 _aFIC
_bM12f 1995
100 1 _aMcCaffrey, Anne.
_920079
245 1 0 _aFreedom's landing /
_cAnne McCaffrey.
260 _aNew York :
_b Ace Books,
_cc1996.
300 _a324 p. ;
_c17 cm.
500 _a"An Ace Putnam book."
541 _j1
562 _e1
650 0 _aScience
_xFiction.
_920095
650 0 _aAdventure and adventures.
_94244
655 7 _aScience fiction.
_2gsafd
_91889
906 _a7
_bcbc
_corignew
_d1
_eocip
_f19
_gy-gencatlg
942 _2lcc
_cBK-FIC
999 _c11385
_d11385